| 000 | 00376nam a2200145Ia 4500 | ||
|---|---|---|---|
| 008 | 230312s9999||||xx |||||||||||||| ||und|| | ||
| 020 | _a1-56765-514-9 | ||
| 082 |
_a510 _bKEE-T |
||
| 100 | _akeenan;Edward P | ||
| 245 | 0 | _aTeacher's manual course11 integrated mathematics | |
| 260 |
_bAmsco _aamerica _c1999 |
||
| 300 | _a401 | ||
| 650 |
_aEngineering _vAvionics |
||
| 942 | _cBK | ||
| 999 |
_c12336 _d12336 |
||